00811nam a2200205 a 450000100100000000500170001000800410002702000180006804000250008608200130011110000340012424500530015826000610021130000350027250000420030750000630034950000650041295201110047799900170058800003765220201002031110.0121024s2011 pr ac 000 0 spa d a9780983007401 aDO-SdBNPbspacBNPHU axxxbxxx1 aSerra Deliz, Wenceslao96412413aLa memoria que no cesa /cWenceslao Serra Deliz. aSan Juan, Puerto Rico :bLos libros de la Iguana,c2011. a392 p. :bil., retr. ;c22 cm. aIncluye notas al pie de las páginas aIncluye datos biográficos del autor en la contracubierta aLa biblioteca posee un ejemplar autobiografiado por el autor 001050718MOaGRbGRcCTd2012-10-24iLF1l0oxxx xxxp37652-10r2020-06-25w2020-06-25y1ZNo se presta c37142d37142